000 00568nam a22002057a 4500
999 _c406
_d406
003 OSt
005 20210324130053.0
008 140916b xxu||||| |||| 00| 0 eng d
020 _a0443037833
040 _c040a
082 _aWA105 B241e 1990
100 _aBarker,D.J.P.; Rose, G.
_91067
245 _aEpidemiology in Medical Practice
250 _a4th
260 _aEdinburgh
_bChurchill Livingstone
_c1990
300 _aviii, 163p ;
_bill :
_c11 cm.
504 _aincludes bibliographical references and index
650 _aEpidermiology
_91068
942 _2z
_cSLOAN